| 000 | 00571nam a2200205Ia 4500 | ||
|---|---|---|---|
| 005 | 20260429111848.0 | ||
| 008 | 260429s9999||||xx |||||||||||||| ||und|| | ||
| 020 | _a9788119662333 | ||
| 041 | _aEnglish | ||
| 082 |
_a530.12 _bTOM |
||
| 100 | _aTomar, Sushil K. | ||
| 245 | 0 |
_aQuantum mechanics : _bconcepts, problems and solutions, Vol. 2 / _cSushil K. Tomar |
|
| 260 |
_aNew Delhi : _bAne Books, _c2025. |
||
| 300 | _axiii, 739-1192 p.; hb | ||
| 440 | _vVol. 2 | ||
| 650 | _a Quantum mechanics | ||
| 650 | _a Quantum physics | ||
| 650 | _aPhysics | ||
| 942 | _cTB | ||
| 999 |
_c51187 _d51187 |
||